| 000 | 00896cab a2200241 4500 | ||
|---|---|---|---|
| 001 | WB3512-16 | ||
| 008 | 090401t1999 xxu||||| |||| 00| 0 eng d | ||
| 035 | _a(Sirsi) u92343 | ||
| 041 | _aeng | ||
| 245 | _aSwampy unites with lawyers | ||
| 260 | _c1999 | ||
| 350 | _a0 | ||
| 490 |
_aTimes _v22 March 1999, 46(2) |
||
| 520 | _aEnvironmental activists are gaining access to the services of high-profile legal teams as insurance companies operating in the field of judicial review become willing to underwrite the costs involved. The changes follow the Access to Justice Bill and news of the government's proposed reform of legal aid. | ||
| 650 | _aDEVELOPMENT | ||
| 650 | _aENVIRONMENTAL PROTESTERS | ||
| 650 | _aINSURANCE COMPANIES | ||
| 650 | _aLEGAL REPRESENTATION | ||
| 650 | _aUNDERWRITING | ||
| 690 | _aENVIRONMENTAL AND LAND CONSULTANCY | ||
| 942 | _n0 | ||
| 948 | _c24/03/1999 | ||
| 999 |
_c58554 _d58554 |
||